Normal view MARC view
  • Núñez, Alonso,

Entry Nombre Personal

Number of records used in: 7

001 - NUMERO DE CONTROL

  • campo de control: 40432

003 - IDENTIFICADOR DE NUMERO DE CONTROL

  • campo de control: DLC

005 - FECHA Y HORA DE LA ÜLTIMA TRANSACCIÓN

  • campo de control: 20221125094640.0

008 - DATOS DE LONGITUD FIJA

  • campo de control de longitud fija: 251112n| azannaabn |n aaa c

010 ## - NÚMERO DE CONTROL DE LA BIBLIOTECA DEL CONGRESO

  • Número de control LC: no2001054214

035 ## - NUMERO DE CONTROL

  • Número de control: (OCoLC)oca05530102

040 ## - FUENTE DE CATALOGACIÓN

  • Agencia original de catalogación: OCoLC-P
  • Lenguaje de catalogación: spa
  • Description conventions: rda
  • Agencia de transcripción: OCoLC-P
  • Agencia que lo modifica: DLC
  • Agencia que lo modifica: MX-MxUPN

046 ## - FECHAS CON CODIFICACIÓN ESPECIAL

  • Fecha de nacimiento: 1969-09-29
  • Fuente del formato de fecha: edtf

100 1# - ENCABEZAMIENTO - NOMBRE PERSONAL

  • Nombre personal: Núñez, Alonso,
  • Fechas asociadas con el nombre: 1969-

670 ## - FUENTE EN LA QUE SE LOCALIZARON DATOS

  • Cita de la fuente: El invencible y malvado dragón Curiambro, 2000:
  • Información localizada: portada (Alonso Núñez) página 4 (n. in Mexico City, Sept. 29, 1969)

670 ## - FUENTE EN LA QUE SE LOCALIZARON DATOS

  • Cita de la fuente: No! I won't go to school, 2018:
  • Información localizada: portada (Alonso Núñez) solapa cubierta delantera (author of several best selling children's books in Mexico, which have been translated to Chinese, Korean, and Portguese; now lives in Los Angeles; this is his first English-language children's book)

902 ## - CATALOGADOR

  • Catalogador: NDAF/251122